00922nam a2200253 i 4500003000900000005001700009007000300026008004100029020001800070040003000088082001400118245016100132264003300293300005100326336002700377337003300404338002800437490001900465500002800484504003000512700003700542700004400579700004500623DO-SdBNP20240426130551.0ta240426s2023 dr ac 000 0 spa d a9789945179798 aDO-SdBNPbspacBNPHUerda 222bC569s00aCiencias sociales 3 :beducación secundaria. /cdirección editorial Anna Rogero Soler, Denise Pineda Martínez : ilustraciones Monserrat Ubach Figueras 1aSanto Domingo, :bSM,c2023. a253 páginasbilustraciones, retratosc28 cm. 2rdacontentatextobtxt 2rdamediaasin mediaciónbn 2rdacarrieravolumenbnc1 aSer y saberv3 aEducación secundaria. aBibliografía p: 254-2551 aRogero Soler, Annaedirección 1 aPineda Martínez, Deniseedirección 1 aUbach Figueras, Monserrateilustraciones